000 00354pab a2200157 454500
008 180718b1999 xxu||||| |||| 00| 0 eng d
100 _aGill, K.P.S.
245 _aNeeded, factual bases to judge police
260 _c1999
300 _ap.6
362 _a15 May
650 _aPolice - India
650 _aPolice
773 _aPioneer
909 _a42314
999 _c42314
_d42314